Teams of the European League of Football (ELF) - Statistics

General Stats
  • This quiz has been taken 34 times
    6 since last reset
  • The average score is 9 of 20
Answer Stats
Years Franchise % Correct
2021-2024 Barcelona Dragons
100%
2022-2025 Vienna Vikings
100%
2021-2025 Berlin Thunder
67%
2022-2025 Düsseldorf RheinFire
67%
2024-2025 Madrid Bravos
67%
2023-2025 Paris Musketeers
67%
2021-2025 Stuttgart Surge
67%
2022-2025 Tirol Raiders
67%
2023-2025 Fehervar Enthroners
33%
2021-2025 Frankfurt Galaxy
33%
2021-2025 Hamburg Sea Devils
33%
2023-2025 Helvetic Mercenaries
33%
2022 Istanbul Rams
33%
2021-2023 Leipzig Kings
33%
2023-2024 Milano Seamen
33%
2025 Nordic Storm
33%
2023-2025 Prague Lions
33%
2021-2025 Wroclaw Panthers
33%
2021-2025 Cologne Centurions
0%
2023-2025 Munich Ravens
0%
No matching quizzes found
Score Distribution
Percent of People with Each Score
Percentile by Number Answered
Your Score History
You have not taken this quiz since the last reset